000 01082nas a2200361 4500
001 BR0804148
003 BR-BrBNA
005 20231205112330.0
007 ta
008 230509b bl.|||p| |||| 00| 00por d
040 _aBR-BrBNA
_bpor
_cBiblioteca Nacional de Agricultura
041 _a(Pt)
072 _aF50; F04
100 1 _aCecato, U.
100 1 _aSkrobot, V.D.
100 1 _aFakir, G.M.
100 1 _aJobim, C.C.
100 1 _aBranco, A.F.
100 1 _aGalbeiro, S.
100 1 _aJaneiro, V.
245 1 _aCaracterísticas morfogênicas do capim-mombaça (Panicum maximum Jacq. cv. Mombaça)adubado com fontes de fósforo, sob pastejo
650 _aCAPIM COLONIÃO
650 _aPANICUM MAXIMUM
650 _aMORFOLOGIA VEGETAL
650 _aFÓSFORO
650 _aADUBAÇÃO
650 _aPASTEJO
650 _aCRESCIMENTO
650 _aPERFILHAÇÃO
773 0 _tRevista Brasileira de Zootecnia (Brazil)
_xISSN 1516-3598
_g(Nov-Dec 2007), v. 36(6) p. 1699-1706
_wBR0804148
909 _a202311
_bLúcia
_c55
_dLúcia Elande
942 _2AGRIS
_n0
_cANA
999 _c197478
_d197478